000 00497nam a22001697a 4500
999 _c194476
_d194476
005 20221222163127.0
010 _aE.N.A./7.11.22
020 _c350.00
_a9789352837243
037 _bAakar
082 _214e
100 _aMahajan, V D
245 _aAncient India/
_cby V D Mahajan
260 _aNew Delhi
_bS.Chand
_c2022
270 _aBlock B-1, House No. D-1, Ground Floor, Mohan Co-operative Estate,
_bNew Delhi
_e110044
_k011-66672000
300 _axxvi;668p.
_c24cm(pbk)
942 _2ddc
_cEN
_mMAH